<?xml version="1.0" encoding="UTF-8"?>
<record
    xmlns:xsi="http://www.w3.org/2001/XMLSchema-instance"
    xsi:schemaLocation="http://www.loc.gov/MARC21/slim http://www.loc.gov/standards/marcxml/schema/MARC21slim.xsd"
    xmlns="http://www.loc.gov/MARC21/slim">

  <leader>00376nam a2200133Ia 4500</leader>
  <controlfield tag="008">220325s9999||||xx |||||||||||||| ||und||</controlfield>
  <datafield tag="084" ind1=" " ind2=" ">
    <subfield code="a">1128-0056 SUR Gov Bo</subfield>
  </datafield>
  <datafield tag="100" ind1=" " ind2=" ">
    <subfield code="a">Bayu Surianingrat</subfield>
  </datafield>
  <datafield tag="245" ind1=" " ind2="0">
    <subfield code="a">Mengenal Ilmu Pemerintahan</subfield>
  </datafield>
  <datafield tag="260" ind1=" " ind2=" ">
    <subfield code="a">Jakarta</subfield>
    <subfield code="b">Rineka Cipta</subfield>
  </datafield>
  <datafield tag="300" ind1=" " ind2=" ">
    <subfield code="a">i-1 + 99 hlm</subfield>
  </datafield>
  <datafield tag="650" ind1=" " ind2=" ">
    <subfield code="a">Government (Pemerintahan)</subfield>
    <subfield code="e">G-O-V</subfield>
    <subfield code="y">Ilmu Pemerintahan</subfield>
  </datafield>
  <datafield tag="942" ind1=" " ind2=" ">
    <subfield code="c">BK</subfield>
  </datafield>
  <datafield tag="999" ind1=" " ind2=" ">
    <subfield code="c">18595</subfield>
    <subfield code="d">18595</subfield>
  </datafield>
  <datafield tag="952" ind1=" " ind2=" ">
    <subfield code="0">0</subfield>
    <subfield code="1">0</subfield>
    <subfield code="4">0</subfield>
    <subfield code="7">0</subfield>
    <subfield code="a">MAPL</subfield>
    <subfield code="b">MAPL</subfield>
    <subfield code="c">SHELF </subfield>
    <subfield code="d">2022-03-26</subfield>
    <subfield code="g">8.00</subfield>
    <subfield code="l">0</subfield>
    <subfield code="o">1128-0056 SUR Gov Bo</subfield>
    <subfield code="p">11280056</subfield>
    <subfield code="r">2022-03-26</subfield>
    <subfield code="w">2022-03-26</subfield>
    <subfield code="y">BK </subfield>
  </datafield>
</record>
